Programming using open source products on windows / (Record no. 133077)

MARC details
000 -LEADER
fixed length control field 00791nam a22002537a 4500
003 - CONTROL NUMBER IDENTIFIER
control field dpl
005 - DATE AND TIME OF LATEST TRANSACTION
control field 20180823160229.0
008 - FIXED-LENGTH DATA ELEMENTS--GENERAL INFORMATION
fixed length control field 180823b xxu||||| |||| 00| 0 eng d
010 ## - LIBRARY OF CONGRESS CONTROL NUMBER
LC control number B-164129, B-164145
020 ## - INTERNATIONAL STANDARD BOOK NUMBER
International Standard Book Number 8183330045
Terms of availability 180.00
035 ## - SYSTEM CONTROL NUMBER
System control number B-164129
037 ## - SOURCE OF ACQUISITION
Source of stock number/acquisition Cen Lib/Ret
040 ## - CATALOGING SOURCE
Original cataloging agency DPL
Language of cataloging EN
Transcribing agency 0
082 ## - DEWEY DECIMAL CLASSIFICATION NUMBER
Classification number 005.43
Item number BAY
100 ## - MAIN ENTRY--PERSONAL NAME
Personal name Bayross, Ivan
9 (RLIN) 1086
245 ## - TITLE STATEMENT
Title Programming using open source products on windows /
Statement of responsibility, etc by Ivan Bayross
260 ## - PUBLICATION, DISTRIBUTION, ETC. (IMPRINT)
Place of publication, distribution, etc New Delhi
Name of publisher, distributor, etc BPB Publications
Date of publication, distribution, etc 2005
270 ## - ADDRESS
Address B-14, Connaught Place
City New Delhi
Postal code 110001
300 ## - PHYSICAL DESCRIPTION
Extent xiii,322p.
Dimensions 21cm(pbk)
500 ## - GENERAL NOTE
General note Includes index
650 ## - SUBJECT ADDED ENTRY--TOPICAL TERM
Topical term or geographic name as entry element Computer science
9 (RLIN) 72598
650 ## - SUBJECT ADDED ENTRY--TOPICAL TERM
Topical term or geographic name as entry element Open source softwares -- Windows
9 (RLIN) 72599
942 ## - ADDED ENTRY ELEMENTS (KOHA)
Source of classification or shelving scheme Dewey Decimal Classification
Koha item type English Books
Classification part 005.43
Call number suffix BAY
Holdings
Withdrawn status Lost status Damaged status Not for loan Home library Current library Date acquired Source of acquisition Cost, normal purchase price Total Checkouts Full call number Barcode Date last seen Copy number Cost, replacement price Price effective from Koha item type
        Central Library Central Library 24/07/2015 Cen Lib/Ret 180.00   005.43 BAY B-164129 24/07/2015 1 180.00 24/07/2015 English Books

© Delhi Public Library
Hit Counter
free hit counter